[Event "2.Nord-West-Cup"]
[Site "?"]
[Date "2000.02.11"]
[Round "2"]
[White "Glek, Igor"]
[Black "Broehl, Stefan"]
[Result "1-0"]
[WhiteElo "2554"]
[BlackElo "2197"]
[PlyCount "79"]

1. e4 c6 2. c4 d5 3. cxd5 cxd5 4. exd5 Nf6 5. Nc3 Nxd5 6. Nf3 Nxc3 7. bxc3 g6
8. d4 Bg7 9. Bd3 Nc6 10. O-O O-O 11. Re1 Qc7 12. Ba3 Bg4 13. Be4 Rfe8 14. h3
Bxf3 15. Qxf3 Rac8 16. Rab1 e6 17. h4 b6 18. Bd3 Na5 19. Ba6 Qxc3 20. Bxc8 Qxf3
21. gxf3 Rxc8 22. Rec1 Rxc1+ 23. Rxc1 Bxd4 24. Rc8+ Kg7 25. Bf8+ Kf6 26. Bh6 b5
27. Bg5+ Kg7 28. Be3 Bxe3 29. fxe3 Nc4 30. Kf2 Kf6 31. Rb8 a6 32. Rb7 e5 33.
Rc7 e4 34. fxe4 a5 35. Rc5 Na3 36. Ke2 a4 37. Kd3 Ke6 38. Kc3 Kf6 39. Kb4 Nc4
40. Rxb5 1-0

[Event "2.Nord-West-Cup"]
[Site "?"]
[Date "2000.02.12"]
[Round "4"]
[White "Glek, Igor"]
[Black "Heinemann, Ernst"]
[Result "1-0"]
[WhiteElo "2554"]
[BlackElo "2215"]
[PlyCount "63"]

1. e4 c6 2. c4 d5 3. cxd5 cxd5 4. exd5 Nf6 5. Nc3 Nxd5 6. Nf3 e6 7. Bc4 Nc6 8.
O-O Be7 9. d4 O-O 10. Re1 b6 11. Nxd5 exd5 12. Bb5 Bb7 13. Bf4 Rc8 14. Rc1 a6
15. Bd3 Qd7 16. a3 Rfe8 17. b4 Bf6 18. Rxe8+ Qxe8 19. Bf5 Ra8 20. h4 g6 21. Bb1
Bc8 22. Qd2 Bg4 23. Ne5 Nxe5 24. dxe5 Bxh4 25. Qxd5 Rd8 26. Qb7 Qb5 27. g3 Qe2
28. gxh4 Bf3 29. Qxb6 Rd1+ 30. Kh2 Rxc1 31. Bxc1 Qd1 32. Bh6 1-0

[Event "2.Nord-West-Cup"]
[Site "?"]
[Date "2000.02.13"]
[Round "6"]
[White "Glek, Igor"]
[Black "Pel, Bonno"]
[Result "1-0"]
[WhiteElo "2554"]
[BlackElo "2224"]
[PlyCount "53"]

1. e4 d6 2. d4 Nf6 3. Nc3 g6 4. f4 Bg7 5. Nf3 O-O 6. Bd3 Na6 7. O-O c5 8. d5
Rb8 9. Qe2 Nb4 10. Bc4 e6 11. dxe6 Bxe6 12. Bxe6 fxe6 13. f5 gxf5 14. exf5 e5
15. g4 h6 16. g5 hxg5 17. Nxg5 Qd7 18. Be3 Qc6 19. Ne6 Rf7 20. Rf2 Kh8 21. Ng5
Re7 22. Rg2 Rg8 23. Rf1 Bh6 24. Rf3 Nh7 25. Rh3 Bxg5 26. Bxg5 Rf7 27. Bf6+ 1-0

[Event "2.Nord-West-Cup"]
[Site "?"]
[Date "2000.02.11"]
[Round "3"]
[White "Gofshtein, Leonid"]
[Black "Salov, Sergej"]
[Result "1-0"]
[WhiteElo "2580"]
[BlackElo "2386"]
[PlyCount "59"]

1. d4 Nf6 2. c4 d6 3. Nc3 e5 4. Nf3 Nbd7 5. Bg5 c6 6. Qc2 Be7 7. e3 O-O 8.
O-O-O Qa5 9. Bd3 Re8 10. h3 Nf8 11. g4 exd4 12. exd4 d5 13. c5 Qd8 14. Be3 g6
15. Ne5 N6d7 16. f4 Nxe5 17. dxe5 f6 18. e6 Bxe6 19. f5 Bf7 20. fxg6 hxg6 21.
Rhf1 d4 22. Be2 Ne6 23. Bc4 Kg7 24. Bxe6 Bxe6 25. Bxd4 Bd5 26. g5 Rf8 27. gxf6+
Bxf6 28. Rxf6 Rxf6 29. Nxd5 cxd5 30. Rf1 1-0

[Event "2.Nord-West-Cup"]
[Site "?"]
[Date "2000.02.12"]
[Round "5"]
[White "Gofshtein, Leonid"]
[Black "Gutman, Lev"]
[Result "1/2-1/2"]
[WhiteElo "2580"]
[BlackElo "2488"]
[PlyCount "103"]

1. d4 Nf6 2. c4 g6 3. Nc3 Bg7 4. e4 O-O 5. Nf3 d6 6. Be2 Bg4 7. Be3 Nbd7 8. Rc1
c5 9. d5 b5 10. cxb5 a6 11. a4 axb5 12. axb5 Nb6 13. Qb3 Nfd7 14. O-O Bxf3 15.
Bxf3 f5 16. exf5 gxf5 17. g3 Be5 18. Ne2 Ra4 19. Nf4 Rb4 20. Qd3 Bxb2 21. Ne6
Ne5 22. Qe2 Qa8 23. Bg2 Bxc1 24. Rxc1 Nbc4 25. Bf4 Rf6 26. Nxc5 Rb2 27. Qe1
Rxb5 28. Nd7 Nxd7 29. Rxc4 Rf7 30. Rc7 Rb7 31. Rc1 Qb8 32. Bf3 Nf6 33. Qe6 Rb1
34. Qxf5 Rxc1+ 35. Bxc1 Ne8 36. Qg5+ Ng7 37. Bg4 Kf8 38. Qh6 Qb1 39. Qe3 Nf5
40. Qc3 Rf6 41. Kg2 Nd4 42. Qxd4 Qxc1 43. Qe4 Qd2 44. Bf3 Qc3 45. h4 h6 46. Bg4
Qe5 47. Qd3 Qb2 48. Bf5 Qe5 49. Be4 Qb2 50. Qe3 Kf7 51. h5 Qe5 52. Bg6+ 1/2-1/2

[Event "2.Nord-West-Cup"]
[Site "?"]
[Date "2000.02.11"]
[Round "2"]
[White "Gorman, Stephen"]
[Black "Hubbermann, Guenter"]
[Result "1-0"]
[WhiteElo "1838"]
[BlackElo "1104"]
[PlyCount "41"]

1. Nf3 f5 2. c4 Nf6 3. g3 c5 4. Bg2 Nc6 5. d4 e6 6. O-O Ne4 7. d5 exd5 8. cxd5
Na5 9. Nc3 Qb6 10. Nxe4 fxe4 11. Ng5 c4 12. Qc2 Qg6 13. Bxe4 Qb6 14. Nxh7 Bc5
15. Bg5 Be7 16. Rad1 Bxg5 17. Bg6+ Kd8 18. Nxg5 Rf8 19. d6 Qc5 20. Nf7+ Ke8 21.
Qe4+ 1-0

[Event "2.Nord-West-Cup"]
[Site "?"]
[Date "2000.02.12"]
[Round "4"]
[White "Gorman, Stephen"]
[Black "Langrock, Hannes"]
[Result "0-1"]
[WhiteElo "1838"]
[BlackElo "2135"]
[PlyCount "56"]

1. Nf3 Nf6 2. c4 g6 3. g3 Bg7 4. Bg2 O-O 5. Nc3 d6 6. O-O c6 7. Rb1 d5 8. b4
dxc4 9. Ne5 Nd5 10. Nxc4 Bxc3 11. dxc3 Nxc3 12. Qxd8 Rxd8 13. Rb2 Bg4 14. f3
Be6 15. Ne5 Nd7 16. Nd3 Bc4 17. Re1 Nb6 18. Nc5 Nxe2+ 19. Kf2 Nxc1 20. Rxc1
Rab8 21. a4 Bd5 22. Bh3 e6 23. a5 Nd7 24. Na4 Ne5 25. Rc3 b6 26. axb6 axb6 27.
Bf1 Rd7 28. Rc1 Nxf3 0-1

[Event "2.Nord-West-Cup"]
[Site "?"]
[Date "2000.02.13"]
[Round "6"]
[White "Gorman, Stephen"]
[Black "Hoeppner, Hans"]
[Result "1-0"]
[WhiteElo "1838"]
[BlackElo "1694"]
[PlyCount "49"]

1. Nf3 e6 2. c4 Ne7 3. g3 Ng8 4. Bg2 Nf6 5. O-O Be7 6. Nc3 O-O 7. d4 d6 8. e4
Re8 9. Qc2 Nfd7 10. e5 Nf8 11. b3 Bd7 12. Bb2 Nc6 13. a3 Qc8 14. Rac1 Ng6 15.
Rfe1 f6 16. exf6 Bxf6 17. Ne4 Be7 18. h4 d5 19. Neg5 Bxg5 20. Nxg5 Nf8 21. cxd5
Ne7 22. dxe6 Nxe6 23. Qxh7+ Kf8 24. Qh8+ Ng8 25. d5 1-0

[Event "2.Nord-West-Cup"]
[Site "?"]
[Date "2000.02.11"]
[Round "2"]
[White "Gossmann, Ewald"]
[Black "Kritz, Leonid"]
[Result "0-1"]
[WhiteElo "2075"]
[BlackElo "2281"]
[PlyCount "92"]

1. d4 Nf6 2. Nf3 g6 3. Bg5 Bg7 4. Nbd2 d5 5. e3 O-O 6. Bd3 c6 7. c3 Nbd7 8. O-O
h6 9. Bh4 Re8 10. Re1 Nf8 11. Ne5 N6d7 12. Nxd7 Bxd7 13. e4 g5 14. Bg3 dxe4 15.
Bc4 Be6 16. Bxe6 Nxe6 17. Qb3 b6 18. Nxe4 Qd5 19. Qxd5 cxd5 20. Nd2 Rac8 21.
Be5 f6 22. Bg3 Kf7 23. Re2 Nf4 24. Bxf4 gxf4 25. Nf3 e6 26. Rae1 Bf8 27. g3 Bd6
28. Kg2 Re7 29. Nh4 Rce8 30. Kf3 fxg3 31. fxg3 b5 32. a3 a5 33. Re3 Ra8 34. Rc1
Ra6 35. Rc2 Rc7 36. Rce2 e5 37. dxe5 fxe5 38. Rd2 Ke6 39. Re1 b4 40. axb4 axb4
41. Rc1 bxc3 42. bxc3 Ra3 43. Rdc2 Bb4 44. Ke2 Rcxc3 45. Rxc3 Bxc3 46. Rb1 e4
0-1

[Event "2.Nord-West-Cup"]
[Site "?"]
[Date "2000.02.12"]
[Round "4"]
[White "Gossmann, Ewald"]
[Black "van Hove, Ode"]
[Result "1-0"]
[WhiteElo "2075"]
[BlackElo "1387"]
[PlyCount "81"]

1. d4 Nf6 2. Nf3 d5 3. c4 c6 4. e3 e6 5. Nc3 Be7 6. Qc2 O-O 7. Bd2 Re8 8. h3
Nbd7 9. g4 dxc4 10. Bxc4 Nb6 11. Bd3 g6 12. O-O-O Nbd5 13. a3 b5 14. Ne5 Bb7
15. Ne4 Nxe4 16. Bxe4 Rc8 17. Kb1 a5 18. Nd3 Ba8 19. Nc5 Nf6 20. Bf3 Qc7 21. g5
Nd5 22. h4 b4 23. a4 Bf8 24. h5 Ne7 25. Rh3 Nf5 26. hxg6 fxg6 27. Rdh1 Bd6 28.
Bg4 Bxc5 29. dxc5 Re7 30. e4 Nd4 31. Qc4 Rd8 32. Rd3 Qe5 33. f3 Red7 34. Be3
Kf7 35. Rhd1 Bb7 36. Rxd4 Bc8 37. Rxd7+ Rxd7 38. Rxd7+ Bxd7 39. f4 Qc7 40. Qd4
Qd8 41. Qe5 1-0

[Event "2.Nord-West-Cup"]
[Site "?"]
[Date "2000.02.13"]
[Round "6"]
[White "Gossmann, Ewald"]
[Black "Mengler, Marc"]
[Result "1/2-1/2"]
[WhiteElo "2075"]
[BlackElo "833"]
[PlyCount "28"]

1. d4 Nf6 2. Nf3 g6 3. Bg5 Bg7 4. Nbd2 d6 5. e4 Nbd7 6. c3 e5 7. Bd3 O-O 8. O-O
h6 9. Bh4 g5 10. Bg3 Ne8 11. Nb3 Qe7 12. Qc2 h5 13. h3 a5 14. a4 Nb6 1/2-1/2

[Event "2.Nord-West-Cup"]
[Site "?"]
[Date "2000.02.10"]
[Round "1"]
[White "Gudat, Alfons"]
[Black "Huntemann, Herms"]
[Result "1-0"]
[WhiteElo "2078"]
[BlackElo "1244"]
[PlyCount "99"]

1. e4 d5 2. exd5 Qxd5 3. Nc3 Qa5 4. Bc4 Nf6 5. Nge2 c6 6. O-O Bf5 7. d4 e6 8.
Ng3 Bg6 9. Re1 Bd6 10. Qe2 Nd5 11. Nce4 Bxg3 12. hxg3 Bxe4 13. Qxe4 Nd7 14. c3
N7f6 15. Qf3 h6 16. Bd2 Qc7 17. Bd3 O-O 18. c4 Ne7 19. Bxh6 Ng6 20. Bg5 Qd8 21.
Rad1 Qe7 22. Bxf6 Qxf6 23. Qxf6 gxf6 24. Bxg6 fxg6 25. Rxe6 Rad8 26. Re7 Rf7
27. Rxf7 Kxf7 28. g4 Ke6 29. f3 g5 30. Kf2 f5 31. gxf5+ Kxf5 32. d5 cxd5 33.
Rxd5+ Rxd5 34. cxd5 Ke5 35. Ke3 b5 36. d6 Kxd6 37. Ke4 Ke6 38. f4 gxf4 39. Kxf4
a5 40. Ke4 Kd6 41. Kd4 a4 42. a3 Kc6 43. g4 Kd6 44. g5 Ke6 45. Kc5 Kf5 46. Kxb5
Kxg5 47. Kxa4 Kf6 48. Kb5 Ke6 49. Kc6 Ke7 50. Kc7 1-0

[Event "2.Nord-West-Cup"]
[Site "?"]
[Date "2000.02.11"]
[Round "3"]
[White "Gudat, Alfons"]
[Black "Albers, Andreas"]
[Result "1/2-1/2"]
[WhiteElo "2078"]
[BlackElo "1791"]
[PlyCount "50"]

1. e4 d6 2. d4 Nf6 3. Bd3 g6 4. Nf3 Bg7 5. O-O c6 6. a4 a5 7. Re1 Nbd7 8. c3
O-O 9. Nbd2 b6 10. Qe2 e5 11. Nc4 Qc7 12. Bg5 h6 13. Bh4 Re8 14. dxe5 dxe5 15.
Rad1 Nc5 16. Bc2 Ba6 17. Nfd2 Nh5 18. Qe3 Rab8 19. f3 Nf4 20. Bf2 Red8 21. g3
Nh3+ 22. Kg2 Nxf2 23. Qxf2 Nd3 24. Bxd3 Rxd3 25. Ne3 Rbd8 1/2-1/2

[Event "2.Nord-West-Cup"]
[Site "?"]
[Date "2000.02.12"]
[Round "5"]
[White "Gudat, Alfons"]
[Black "Sawatzki, Frank"]
[Result "0-1"]
[WhiteElo "2078"]
[BlackElo "2270"]
[PlyCount "90"]

1. e4 c5 2. Nf3 Nc6 3. Bb5 g6 4. O-O Bg7 5. c3 Nf6 6. Re1 O-O 7. d4 d5 8. e5
Ne4 9. Ng5 cxd4 10. cxd4 Qb6 11. Bxc6 bxc6 12. Nxe4 dxe4 13. Nc3 Rd8 14. Qc2
Rb8 15. b3 Qxd4 16. Rxe4 Bf5 17. Rxd4 Bxc2 18. Be3 Bxe5 19. Rc4 Rd3 20. Rc1
Bxc3 21. g3 Bxb3 22. R4xc3 Rxc3 23. Rxc3 Bxa2 24. Rxc6 Bd5 25. Rc7 Bf3 26. Kf1
a5 27. Ke1 Rd8 28. Rc1 a4 29. Bd2 a3 30. Rc3 a2 31. Ra3 Bd5 32. f4 f6 33. Ra5
Kf7 34. Bc3 Bb3 35. Ra3 Rd1+ 36. Ke2 Rb1 37. Kd2 h5 38. h4 Ke6 39. Bd4 Kf5 40.
Ke3 Kg4 41. Kf2 Bd5 42. Ra5 Rd1 43. Bc3 Rd3 44. Ba1 Rf3+ 45. Ke1 Rxg3 0-1

[Event "2.Nord-West-Cup"]
[Site "?"]
[Date "2000.02.13"]
[Round "7"]
[White "Gudat, Alfons"]
[Black "Schuette, Marc"]
[Result "0-1"]
[WhiteElo "2078"]
[BlackElo "2249"]
[PlyCount "122"]

1. e4 e6 2. d4 d5 3. Bd3 Nf6 4. Bg5 h6 5. Bxf6 Qxf6 6. Nf3 Nc6 7. O-O Nb4 8. e5
Qd8 9. Be2 c5 10. Nbd2 cxd4 11. Nxd4 Qb6 12. N2b3 Nc6 13. c4 dxc4 14. Bxc4 Nxe5
15. Bb5+ Bd7 16. Re1 Nc6 17. Rc1 Rc8 18. Qh5 g6 19. Qf3 Be7 20. Qe3 Bg5 21. f4
Bf6 22. Bxc6 Bxc6 23. Nxc6 Qxe3+ 24. Rxe3 Rxc6 25. Rxc6 bxc6 26. Re2 Ke7 27.
Rc2 Rc8 28. Kf1 c5 29. Nd2 Bd4 30. Ke2 Rb8 31. b3 f5 32. Nf3 Kd6 33. Kd3 Bf6
34. Nd2 g5 35. Nc4+ Kd5 36. Ne3+ Kc6 37. g3 Rd8+ 38. Ke2 gxf4 39. gxf4 Rd4 40.
Rc4 Rxc4 41. Nxc4 Kd5 42. Kd3 Bd4 43. Nd2 Bb2 44. Nb1 Bd4 45. Nd2 Bg1 46. Nf3
Bf2 47. Ke2 Bd4 48. Kd3 a6 49. h3 Bf6 50. Ke3 Bb2 51. Nh4 Bc1+ 52. Kf3 e5 53.
fxe5 Kxe5 54. Ng6+ Kd4 55. Nf8 Kc3 56. Ne6 Ba3 57. Nc7 a5 58. Ke2 Kb2 59. Kd3
Kxa2 60. Kc4 f4 61. Nd5 f3 0-1

[Event "2.Nord-West-Cup"]
[Site "?"]
[Date "2000.02.11"]
[Round "2"]
[White "Gutman, Lev"]
[Black "Schluchter, Steffen"]
[Result "1-0"]
[WhiteElo "2488"]
[BlackElo "2183"]
[PlyCount "85"]

1. Nf3 Nf6 2. g3 b6 3. Bg2 Bb7 4. O-O e6 5. c4 c5 6. Nc3 d6 7. d4 cxd4 8. Qxd4
a6 9. b3 Nbd7 10. a4 Be7 11. Ba3 Qc7 12. Bb4 Nc5 13. Rfb1 Nfe4 14. Nxe4 Nxe4
15. Qe3 a5 16. Ba3 O-O 17. Nd4 Nc5 18. Nb5 Qd7 19. Bxc5 bxc5 20. Bxb7 Qxb7 21.
Rd1 Rfd8 22. Rd3 d5 23. Qf3 Rab8 24. Rad1 d4 25. Qxb7 Rxb7 26. f4 f6 27. Kg2
Bd6 28. Nxd4 cxd4 29. Rxd4 Rxb3 30. c5 Kf7 31. cxd6 Rd7 32. Rc1 Rb4 33. Rxb4
axb4 34. Rc6 b3 35. Rb6 Ra7 36. Rxb3 Rxa4 37. Rb7+ Kg6 38. Re7 e5 39. fxe5 fxe5
40. Rxe5 Rd4 41. Re6+ Kf7 42. Re7+ Kf6 43. Rd7 1-0

[Event "2.Nord-West-Cup"]
[Site "?"]
[Date "2000.02.12"]
[Round "4"]
[White "Gutman, Lev"]
[Black "Langheinrich, Ferenc"]
[Result "1-0"]
[WhiteElo "2488"]
[BlackElo "2325"]
[PlyCount "57"]

1. Nf3 Nf6 2. g3 b5 3. Bg2 Bb7 4. O-O e6 5. c3 c5 6. Qb3 a6 7. a4 b4 8. a5 Nc6
9. Qa4 Be7 10. d4 bxc3 11. bxc3 cxd4 12. cxd4 O-O 13. Nbd2 Nd5 14. Bb2 f5 15.
Nc4 Na7 16. Nfe5 d6 17. Qd7 Qxd7 18. Nxd7 Rfd8 19. Ndb6 Nxb6 20. axb6 Bxg2 21.
Kxg2 Nc6 22. d5 Ne5 23. Bxe5 exd5 24. Na5 dxe5 25. b7 Rab8 26. Rab1 Kf7 27. Nc6
Ke6 28. Rfc1 Kd7 29. Nxe5+ 1-0

[Event "2.Nord-West-Cup"]
[Site "?"]
[Date "2000.02.11"]
[Round "2"]
[White "Haase, Sven"]
[Black "Mulde, Ralf"]
[Result "0-1"]
[WhiteElo "1736"]
[BlackElo "1868"]
[PlyCount "68"]

1. e4 Nf6 2. Nc3 d5 3. exd5 Nxd5 4. d4 Bf5 5. Bc4 Nxc3 6. bxc3 e6 7. Nf3 Be7 8.
O-O O-O 9. Rb1 Nd7 10. Bf4 Nb6 11. Be2 c5 12. h3 Rc8 13. g4 Bg6 14. Ne5 cxd4
15. Nxg6 fxg6 16. Be5 Rxc3 17. Bxd4 Rxh3 18. Kg2 Rh6 19. Bxb6 Qb8 20. Rh1 Rxh1
21. Qxh1 axb6 22. Bf3 Qf4 23. Rb3 e5 24. Qe1 Bc5 25. Qd1 Kh8 26. Qd3 Qg5 27.
Kg3 h5 28. Rb1 Qf4+ 29. Kg2 Bxf2 30. Kxf2 e4 31. Qe3 Qh2+ 32. Ke1 Rxf3 33. Qxb6
Qg2 34. Qb5 Rh3 0-1

[Event "2.Nord-West-Cup"]
[Site "?"]
[Date "2000.02.12"]
[Round "4"]
[White "Haase, Sven"]
[Black "Willms, Axel"]
[Result "1/2-1/2"]
[WhiteElo "1736"]
[BlackElo "1350"]
[PlyCount "62"]

1. e4 c5 2. Nc3 d6 3. g3 Nf6 4. Bg2 g6 5. d3 Bg7 6. Nge2 Nc6 7. O-O Bg4 8. f3
Bd7 9. Be3 Qc8 10. Qd2 h5 11. Rae1 h4 12. f4 hxg3 13. Nxg3 Ng4 14. f5 Nxe3 15.
Rxe3 Bd4 16. fxg6 fxg6 17. Nd5 Bh3 18. Rf2 Bxg2 19. Rxg2 Ne5 20. Kh1 Bxe3 21.
Qxe3 Qd7 22. Qg5 O-O-O 23. Nxe7+ Kb8 24. Nxg6 Nxg6 25. Qxg6 Qh3 26. Qf5 Qh6 27.
Qf1 Rdf8 28. Nf5 Qh3 29. Qg1 Qf3 30. Nxd6 Rxh2+ 31. Qxh2 Qf1+ 1/2-1/2

[Event "2.Nord-West-Cup"]
[Site "?"]
[Date "2000.02.13"]
[Round "6"]
[White "Haase, Sven"]
[Black "Kohlmann, Christian"]
[Result "0-1"]
[WhiteElo "1736"]
[BlackElo "1051"]
[PlyCount "110"]

1. e4 e5 2. Nc3 Nf6 3. Bc4 Nc6 4. a3 Bc5 5. Nge2 d6 6. d3 Be6 7. O-O O-O 8. Bg5
h6 9. Bh4 Qe7 10. Kh1 Bxc4 11. dxc4 Qe6 12. Nd5 Ne8 13. b4 Bb6 14. b5 Na5 15.
Be7 Nxc4 16. Nxb6 axb6 17. Bxf8 Kxf8 18. a4 Nf6 19. Ng3 Nd7 20. Re1 Nc5 21. c3
Nb2 22. Qc2 Nbxa4 23. c4 g6 24. Re3 Kg7 25. Rea3 Qf6 26. Rxa4 Nxa4 27. Rxa4
Rxa4 28. Qxa4 Qxf2 29. Qd1 Qa2 30. Qe2 Qb1+ 31. Qf1 Qxf1+ 32. Nxf1 c6 33. Ne3
Kf6 34. h4 h5 35. g4 hxg4 36. Kg2 Ke6 37. Kg3 f5 38. exf5+ gxf5 39. Ng2 Kf6 40.
Ne1 d5 41. cxd5 cxd5 42. Nd3 e4 43. Nb2 d4 44. Kf4 Kg6 45. Nc4 Kh5 46. Nd6 e3
47. Nxf5 e2 48. Ng3+ Kxh4 49. Nxe2 d3 50. Nd4 d2 51. Nf5+ Kh3 52. Ne3 g3 53.
Kf3 g2 54. Kf2 Kh2 55. Ng4+ Kh1 0-1

[Event "2.Nord-West-Cup"]
[Site "?"]
[Date "2000.02.11"]
[Round "2"]
[White "Hammes, Michael"]
[Black "Schenk, Uwe"]
[Result "1-0"]
[WhiteElo "2388"]
[BlackElo "2147"]
[PlyCount "149"]

1. d4 Nf6 2. c4 g6 3. Nc3 Bg7 4. e4 d6 5. Nf3 O-O 6. Be2 e5 7. O-O Nc6 8. d5
Ne7 9. Nd2 a5 10. a3 Bd7 11. b3 Ne8 12. Bb2 f5 13. b4 axb4 14. axb4 Rxa1 15.
Bxa1 Nf6 16. c5 fxe4 17. Ndxe4 Nf5 18. b5 Nxe4 19. Nxe4 Qh4 20. Qb1 Nd4 21.
Bxd4 exd4 22. b6 Bf5 23. Bd3 dxc5 24. Nxc5 Be5 25. g3 Qh3 26. bxc7 Bxc7 27.
Qxb7 Bd6 28. Bxf5 Qxf5 29. Ne6 Rf7 30. Qa8+ Bf8 31. Nxd4 Qd3 32. Ne6 Qd2 33.
Qc6 Rf5 34. Nxf8 Kxf8 35. Qc5+ Kg7 36. Ra1 Rxd5 37. Ra7+ Rd7 38. Ra1 Qd4 39.
Qxd4+ Rxd4 40. Ra7+ Kg8 41. Kg2 Rb4 42. h3 Rb3 43. g4 h6 44. f3 Rc3 45. Kg3 Rc4
46. Re7 Ra4 47. h4 Rb4 48. Re4 Rb5 49. Re3 Rb4 50. f4 Rb5 51. Rf3 Kg7 52. Rd3
Rb7 53. h5 gxh5 54. gxh5 Rb5 55. Kg4 Ra5 56. Rd7+ Kg8 57. Rd6 Kg7 58. Rg6+ Kh7
59. Re6 Kg7 60. Re7+ Kg8 61. Re5 Ra6 62. Rd5 Kf7 63. Rd7+ Kg8 64. Kf5 Ra5+ 65.
Kf6 Ra6+ 66. Ke5 Ra5+ 67. Rd5 Ra4 68. f5 Kf7 69. Rd7+ Kf8 70. Ke6 Ra6+ 71. Rd6
Ra7 72. Rd8+ Kg7 73. f6+ Kh7 74. Rd7+ Rxd7 75. Kxd7 1-0

[Event "2.Nord-West-Cup"]
[Site "?"]
[Date "2000.02.12"]
[Round "4"]
[White "Hammes, Michael"]
[Black "Lau, Dietmar"]
[Result "1-0"]
[WhiteElo "2388"]
[BlackElo "2205"]
[PlyCount "89"]

1. d4 Nf6 2. c4 e6 3. Nf3 c5 4. d5 exd5 5. cxd5 d6 6. Nc3 a6 7. a4 b6 8. h3 Be7
9. e4 O-O 10. Bc4 Nbd7 11. O-O Ne8 12. Bf4 Bf6 13. Bh2 Ra7 14. Qd3 Qe7 15. Rae1
Ne5 16. Nxe5 dxe5 17. Rb1 Nd6 18. Kh1 Rc7 19. Qe2 a5 20. Nb5 Rd7 21. Rbd1 g5
22. Na3 Kg7 23. Rfe1 Rdd8 24. Rd3 Rh8 25. Rb3 Qc7 26. Qh5 h6 27. Rf3 Rdf8 28.
Rxf6 Kxf6 29. Qf3+ Kg6 30. Bxe5 f6 31. Bg3 Qd8 32. Qd3 Kg7 33. e5 Re8 34. e6
Re7 35. Bxd6 Qxd6 36. Nb5 Qf4 37. d6 Rd8 38. Qe4 Qxe4 39. Rxe4 Ree8 40. e7 Rd7
41. Nc7 Rxc7 42. dxc7 Bd7 43. Re6 Bc8 44. Re3 f5 45. Bb5 1-0

[Event "2.Nord-West-Cup"]
[Site "?"]
[Date "2000.02.13"]
[Round "6"]
[White "Hammes, Michael"]
[Black "Tschetschelnizki, Mikhail"]
[Result "1-0"]
[WhiteElo "2388"]
[BlackElo "2136"]
[PlyCount "47"]

1. d4 e6 2. c4 f5 3. g3 Nf6 4. Bg2 c6 5. Nf3 d5 6. O-O Bd6 7. Bf4 Bxf4 8. gxf4
O-O 9. Nbd2 Bd7 10. e3 Be8 11. Ne5 Nbd7 12. Qb3 Rb8 13. Qa3 a6 14. Qd6 Nxe5 15.
fxe5 Qxd6 16. exd6 Bh5 17. c5 b6 18. b4 bxc5 19. bxc5 Rb2 20. Nb3 Ne4 21. Na5
Nd2 22. Nxc6 Nxf1 23. Bxf1 Be8 24. Ne5 1-0

[Event "2.Nord-West-Cup"]
[Site "?"]
[Date "2000.02.13"]
[Round "7"]
[White "Hammes, Michael"]
[Black "Gofshtein, Leonid"]
[Result "0-1"]
[WhiteElo "2388"]
[BlackElo "2580"]
[PlyCount "80"]

1. d4 Nf6 2. c4 g6 3. Nc3 Bg7 4. e4 d6 5. Be2 O-O 6. Nf3 Na6 7. O-O e5 8. Be3
Ng4 9. Bg5 f6 10. Bc1 Kh8 11. h3 Nh6 12. Be3 Nf7 13. Rb1 c6 14. dxe5 fxe5 15.
Qd2 h6 16. Rfd1 Qe7 17. b4 Rd8 18. a4 Nc7 19. a5 Ne6 20. Qc2 g5 21. c5 dxc5 22.
bxc5 Nd4 23. Bxd4 exd4 24. Na2 Re8 25. a6 bxa6 26. Nb4 Bd7 27. Nxd4 Qxe4 28.
Bf3 Qxc2 29. Nbxc2 Ne5 30. Bh5 Red8 31. Ra1 Bf8 32. Ra5 Rab8 33. Be2 Bc8 34.
Re1 Rb2 35. Bxa6 Bxa6 36. Rxa6 Nd3 37. Re3 Bxc5 38. Rxd3 Rxc2 39. Nxc2 Rxd3 40.
Rxc6 Rc3 0-1

[Event "2.Nord-West-Cup"]
[Site "?"]
[Date "2000.02.11"]
[Round "3"]
[White "Heinemann, Ernst"]
[Black "Hammes, Michael"]
[Result "1/2-1/2"]
[WhiteElo "2215"]
[BlackElo "2388"]
[PlyCount "51"]

1. e4 e6 2. d4 d5 3. Nc3 Bb4 4. Bd2 dxe4 5. Qg4 Qxd4 6. O-O-O h5 7. Qe2 Nf6 8.
Bh6 Qxd1+ 9. Kxd1 Rxh6 10. Nxe4 Be7 11. Nf3 Nc6 12. Kc1 Nxe4 13. Qxe4 Bd7 14.
Bb5 O-O-O 15. Ne5 Nxe5 16. Qxe5 Bxb5 17. Qxb5 Rhh8 18. Rd1 g6 19. Rxd8+ Rxd8
20. c3 a6 21. Qe5 Rd7 22. Kc2 Bd8 23. Qg7 c6 24. g3 Bb6 25. f3 Bg1 26. h3
1/2-1/2

[Event "2.Nord-West-Cup"]
[Site "?"]
[Date "2000.02.12"]
[Round "5"]
[White "Heinemann, Ernst"]
[Black "Krause, Thomas"]
[Result "0-1"]
[WhiteElo "2215"]
[BlackElo "2144"]
[PlyCount "120"]

1. e4 d5 2. exd5 Qxd5 3. Nc3 Qa5 4. d4 c6 5. Bc4 Bf5 6. Bd2 e6 7. Qf3 Nd7 8.
Nd5 Qd8 9. Ne3 Bg6 10. Ne2 Ngf6 11. O-O-O Bd6 12. Ng3 Qc7 13. h4 h6 14. h5 Bh7
15. Bb3 b5 16. Rhe1 O-O-O 17. Kb1 Kb8 18. Ka1 c5 19. dxc5 Nxc5 20. Ng4 Nxg4 21.
Qxg4 Nxb3+ 22. cxb3 Bc2 23. Rc1 Bxg3 24. Qb4 Rxd2 25. Qxd2 Bf4 26. Qxc2 Bxc1
27. Qxc7+ Kxc7 28. Rxc1+ Kd7 29. a4 Rc8 30. Rd1+ Ke7 31. Rd4 a6 32. Kb1 Rc5 33.
g4 Rd5 34. Re4 f5 35. Rb4 fxg4 36. Rxg4 Kf6 37. Rh4 Rf5 38. Rh2 Rf4 39. axb5
axb5 40. Kc2 Kg5 41. Kd3 Rh4 42. Rg2+ Kf6 43. Rg6+ Kf7 44. Rg3 Rxh5 45. Ke4 Kf6
46. Rc3 g5 47. Rc5 Rh4+ 48. Kd3 b4 49. Rc8 Rf4 50. Ke3 h5 51. Rh8 h4 52. Rh6+
Kf7 53. f3 Rf6 54. Rh7+ Kg6 55. Rc7 h3 56. Rc2 Rf4 57. Rh2 Rh4 58. Kf2 Kf5 59.
Kg1 Kf4 60. Re2 Kxf3 0-1

[Event "2.Nord-West-Cup"]
[Site "?"]
[Date "2000.02.13"]
[Round "7"]
[White "Heinemann, Ernst"]
[Black "Langrock, Hannes"]
[Result "1-0"]
[WhiteElo "2215"]
[BlackElo "2135"]
[PlyCount "67"]

1. e4 c5 2. Nf3 Nc6 3. Be2 e6 4. d4 cxd4 5. Nxd4 Qc7 6. O-O Nf6 7. Nc3 a6 8.
Bg5 Be7 9. Kh1 Ng4 10. Bxg4 Bxg5 11. Nde2 d6 12. f4 Bf6 13. Qd2 O-O 14. Rad1
Rd8 15. Rf3 b5 16. a3 Bb7 17. Rg3 Qe7 18. Rd3 b4 19. axb4 Nxb4 20. Rg3 Rac8 21.
Rf1 Qc7 22. f5 e5 23. Bf3 Kf8 24. Rh3 h6 25. Rh5 Qc5 26. Ng3 Qd4 27. Qc1 a5 28.
Rxh6 gxh6 29. Qxh6+ Bg7 30. Qh7 f6 31. Nh5 Rd7 32. Nxg7 Qc4 33. Ne6+ Ke8 34.
Bh5+ 1-0

[Event "2.Nord-West-Cup"]
[Site "?"]
[Date "2000.02.10"]
[Round "1"]
[White "Henrichsen, Jens"]
[Black "Kohlmann, Christian"]
[Result "1-0"]
[WhiteElo "2059"]
[BlackElo "1051"]
[PlyCount "109"]

1. d4 f5 2. g3 Nf6 3. Bg2 e6 4. Nf3 c6 5. c4 d5 6. Nbd2 Bd6 7. b3 O-O 8. O-O
Bd7 9. e3 Be8 10. Qc2 Nbd7 11. Bb2 Ne4 12. Ne5 Qc7 13. Ndf3 g5 14. Nxd7 Qxd7
15. Ne5 Qg7 16. f3 Nf6 17. Rae1 g4 18. fxg4 Nxg4 19. Nxg4 Qxg4 20. Bc3 Bg6 21.
Qd2 h5 22. Bb4 Bxb4 23. Qxb4 Rab8 24. Qd6 Bf7 25. Qe5 Qg7 26. Qxg7+ Kxg7 27.
Rc1 Rbc8 28. Rc3 Bg6 29. Rfc1 Rce8 30. b4 h4 31. a4 hxg3 32. hxg3 Bf7 33. b5
cxb5 34. cxb5 Kf6 35. Rc7 Rb8 36. a5 Rg8 37. Kf2 Rgd8 38. Bf3 Be8 39. Be2 Rd7
40. Rxd7 Bxd7 41. Rc7 Be8 42. Bd3 a6 43. b6 Bh5 44. Be2 Bg6 45. Ke1 Be8 46. Kd2
e5 47. Kc3 Ke6 48. Kb4 exd4 49. exd4 Kd6 50. Bf3 Bc6 51. Rg7 Re8 52. Rg6+ Kd7
53. Kc5 Re1 54. Rg7+ Kd8 55. Bxd5 1-0

[Event "2.Nord-West-Cup"]
[Site "?"]
[Date "2000.02.11"]
[Round "3"]
[White "Henrichsen, Jens"]
[Black "Weller, Friedhelm"]
[Result "1-0"]
[WhiteElo "2059"]
[BlackElo "1782"]
[PlyCount "103"]

1. d4 d5 2. c4 e6 3. Nf3 Nf6 4. Bg5 c6 5. e3 Nbd7 6. Nc3 Bb4 7. Nd2 Qa5 8. Qc2
O-O 9. Bh4 h6 10. Be2 Be7 11. O-O Qd8 12. Bg3 Re8 13. Rad1 Nf8 14. e4 Bb4 15.
e5 Bxc3 16. bxc3 N6h7 17. Bd3 f5 18. exf6 Nxf6 19. Nf3 N8h7 20. Ne5 Re7 21. Ng6
Rf7 22. Bh4 Qc7 23. Rde1 Bd7 24. h3 Rc8 25. c5 b6 26. Bg3 Qd8 27. Bd6 Ne4 28.
Bxe4 dxe4 29. Ne5 Rf5 30. Rxe4 Nf6 31. Re3 Nd5 32. Rf3 Rxf3 33. Nxf3 b5 34. Be5
Be8 35. Nd2 a5 36. a3 b4 37. axb4 axb4 38. cxb4 Nxb4 39. Qb3 Nd5 40. Qg3 Qd7
41. Kh1 Kh7 42. Nc4 Qe7 43. Nb6 Rd8 44. Nc4 Bg6 45. Ra1 Rd7 46. Bd6 Qe8 47. Ne5
Rb7 48. Ra6 Nb4 49. Rb6 Rxb6 50. cxb6 Nd5 51. b7 Bf5 52. b8=Q 1-0